Top 50 Most Streamed Imagine Dragons Songs - Statistics

General Stats
  • This quiz has been taken 82 times
  • The average score is 20 of 50
Answer Stats
Hint Answer % Correct
1,660,894,149 Radioactive
98%
2,725,431,641 Believer
97%
2,157,127,919 Thunder
93%
1,967,402,102 Demons
84%
971,350,433 Bones
74%
951,497,598 Bad Liar
72%
850,926,139 On Top Of The World
72%
1,114,248,257 Whatever it Takes
71%
1,107,015,568 Natural
69%
223,489,638 Sharks
59%
652,045,745 It's Time
53%
164,984,941 Shots
53%
312,517,010 I Bet My Life
47%
113,416,485 Amsterdam
45%
645,844,108 Warriors
45%
230,282,642 Birds
43%
252,711,857 Walking the Wire
43%
139,413,977 Gold
41%
275,722,996 Next To Me
41%
271,716,743 Zero
41%
235,076,949 Bleeding Out
40%
372,255,761 Follow You
40%
239,304,667 I'm So Sorry
40%
275,957,791 Wrecked
40%
136,428,269 Tiptoe
36%
127,718,067 Machine
34%
103,629,140 Mouth of the River
34%
1,072,013,849 Sucker For Pain
34%
151,850,717 I Don't Know Why
31%
178,551,343 Monster
31%
79,427,607 My Life
31%
133,148,035 Friction
29%
88,914,844 Polaroid
26%
82,755,937 Start Over
26%
77,332,468 Yesterday
26%
83,503,621 Boomerang
24%
85,139,409 Hear Me
24%
184,949,380 Rise Up
24%
102,625,384 West Coast
24%
76,655,841 Dancing in the Dark
22%
95,034,249 Lonely
22%
541,560,839 Born To Be Yours
21%
107,167,929 I'll Make it Up to You
21%
70,334,931 Only
19%
128,901,512 Battle Cry
17%
147,155,869 Dream
16%
135,817,186 Roots
16%
1,316,156,624 Enemy (ft. JID)
14%
94,217,983 Who We Are
12%
188,210,709 Not Today
9%
No matching quizzes found
Score Distribution
Percent of People with Each Score
Percentile by Number Answered
Your Score History
You have not taken this quiz